| 000 | 00902nam a22002657a 4500 | ||
|---|---|---|---|
| 003 | dpl | ||
| 005 | 20180625144126.0 | ||
| 008 | 180625b xxu||||| |||| 00| 0 eng d | ||
| 010 | _aA-947525 | ||
| 020 |
_c450.00 _a8186876030 |
||
| 035 | _aA-947525, A-947529 | ||
| 037 | _bCen Lib/Ret | ||
| 040 |
_aDPL _bEN _c0 |
||
| 082 |
_a696.1 _bPAT |
||
| 100 |
_aPatil, Subhash M. _933404 |
||
| 245 |
_aPlumbing engineering : _cby Subhash M. Patil _btheory, design and practice for student, teachers, architects and practising engineers / |
||
| 250 | _arev. enl. ed | ||
| 260 |
_bSeema Publications _aBombay _c1999 |
||
| 270 |
_bBombay _aA2-9, Nirmla Society, Gokuldham, Goregaon _e400063 |
||
| 300 |
_axvi,435p. : _c24cm(Hb) |
||
| 500 | _aIncludes bibliographical references and index | ||
| 650 |
_aPlumbing _933405 |
||
| 650 |
_aEngineering _97671 |
||
| 942 |
_2ddc _cEN _h696.1 _mPAT |
||
| 999 |
_c131987 _d131987 |
||